Detalles MARC
| 000 -LIDER |
| fixed length control field |
00926nam a22002657a 4500 |
| 003 - IDENTIFICACDOR DE NÚMERO DE CONTROL |
| control field |
DO-SdBNP |
| 005 - DATE AND TIME OF LATEST TRANSACTION |
| control field |
20180402081904.0 |
| 008 - ELEMENTOS DE LONGITUD FIJA |
| fixed length control field |
150817s 1990 dr a spa d |
| 040 ## - FUENTE DE CATALOGACIÓN |
| Agencia que crea de manera original el registro |
BPMSU |
| Idioma de catalogación |
spa |
| Agencia que realiza la transcripción |
BPMSU |
| 082 ## - NÚMERO DE CLASIFICACIÓN DECIMAL DE DEWEY |
| Classification number |
xxx |
| Item number |
xxx |
| 100 1# - ASIENTO PRINCIPAL -- NOMBRE PERSONAL |
| Nombre personal |
Holguín Veras Tabar, Oscar |
| 245 10 - MENCIÓN DE TITULO |
| Título |
Grum Grum el centolla / |
| Mención de responsabilidad |
Oscar Holguín Veras Tabar ; ilustración Amaury Villalba |
| 260 ## - PUBLICACIÓN, DISTRIBUCIÓN, ETC. (PIE DE IMPRENTA) |
| Lugar de publicación, distribución, etc |
Santo Domingo : |
| Nombre del editor, distribuidor, etc. |
Alfa & Omega, |
| Fecha de publicación, distribución, etc |
1990. |
| 300 ## - DESCRIPCIÓN FÍSICA |
| Extensión |
74 p : |
| Otros detalles físicos |
il. |
| Dimensiones |
29 cm. |
| 650 #4 - ENCABEZAMIENTO DE MATERIA--TEMÁTICO |
| Término temático o nombre geográfico como elemento de entrada |
EDUCACIÓN CÍVICA |
| Subdivisión temática general |
ENSEÑANZA SECUNDARIA |
| 650 #4 - ENCABEZAMIENTO DE MATERIA--TEMÁTICO |
| Término temático o nombre geográfico como elemento de entrada |
EDUCACIÓN SECUNDARIA |
| Subdivisión geográfica |
REPÚBLICA DOMINICANA |
| 650 #4 - ENCABEZAMIENTO DE MATERIA--TEMÁTICO |
| Término temático o nombre geográfico como elemento de entrada |
EDUCACIÓN ÍVICA |
| Subdivisión temática general |
LIBROS DE TEXTOS |
| 650 #4 - ENCABEZAMIENTO DE MATERIA--TEMÁTICO |
| Término temático o nombre geográfico como elemento de entrada |
CÍVICA |
| Subdivisión temática general |
ESTUDIOS Y EJERCICIOS |
| 650 #4 - ENCABEZAMIENTO DE MATERIA--TEMÁTICO |
| Término temático o nombre geográfico como elemento de entrada |
EDUCACIÓN CÍVICA |
| Subdivisión temática general |
EDUCACIÓN SECUNDARIA |
| 700 1# - ASIENTO SECUNDARIO -- NOMBRE PERSONAL |
| Nombre personal |
Villalba, Amaury |
| Mención de responsabilidad |
il. |
| 910 ## - VALIDACIÓN |
| Validación |
Validado. Control de calidad MFF |
| 942 ## - ADDED ENTRY ELEMENTS (KOHA) |
| Source of classification or shelving scheme |
Dewey Decimal Classification |
| Koha item type |
Libros |
| 945 ## - INFORMACIÓN DE PROCESAMIENTO LOCAL |
| Información de procesamiento local |
Inventariado / 2017 YL |
| 956 ## - LOCAL ELECTRONIC LOCATION AND ACCESS (OCLC) |
| Nombre de host |
YLOCKWARD |
| Número de acceso |
10 |
| Información de compresión |
20171129 |
| Trayectoria |
00144 |